Marine auxiliary machinery / (Record no. 10020)
[ view plain ]
| 000 -LEADER | |
|---|---|
| fixed length control field | 02197nam a22002537a 4500 |
| 003 - ΤΑΥΤΟΤΗΤΑ ΤΟΥ ΑΡΙΘΜΟΥ ΕΛΕΓΧΟΥ | |
| Πεδίο ελέγχου | GR-AtMCL |
| 005 - ΗΜΕΡΟΜΗΝΙΑ ΚΑΙ ΩΡΑ ΤΕΛΕΥΤΑΙΑΣ ΕΝΗΜΕΡΩΣΗΣ | |
| Πεδίο ελέγχου | 20260108142657.0 |
| 006 - FIXED-LENGTH DATA ELEMENTS--ADDITIONAL MATERIAL CHARACTERISTICS | |
| Πεδίο ελέγχου σταθερού μήκους | |
| 008 - FIXED-LENGTH DATA ELEMENTS--GENERAL INFORMATION | |
| Πεδίο ελέγχου σταθερού μήκους | s1995 enka ob 001 0 eng d |
| 020 ## - ISBN | |
| ISBN | 9780750643986 |
| 040 ## - ΠΗΓΗ ΚΑΤΑΛΟΓΟΓΡΑΦΗΣΗΣ | |
| Φορέας πρωτότυπης καταλογογράφησης | MC Athens Campus Library |
| Γλώσσα καταλογογράφησης | Αγγλικά |
| Modifying agency | MC Athens Campus Library |
| 100 ## - MAIN ENTRY--PERSONAL NAME | |
| Personal name | McGeorge, H. D. |
| 9 (RLIN) | 10227 |
| 245 10 - ΤΙΤΛΟΣ ΚΑΙ ΔΗΛΩΣΗ ΥΠΕΥΘΥΝΟΤΗΤΑΣ | |
| Τίτλος | Marine auxiliary machinery / |
| Statement of responsibility, etc. | H.D. McGeorge. |
| 250 ## - EDITION STATEMENT | |
| Edition statement | 7th ed. |
| 260 ## - PUBLICATION, DISTRIBUTION, ETC. | |
| Place of publication, distribution, etc. | Oxford : |
| Name of publisher, distributor, etc. | Butterworth/Heinemann, |
| Date of publication, distribution, etc. | 1995. |
| 300 ## - PHYSICAL DESCRIPTION | |
| Extent | 514 p.; |
| Διαστάσεις | 23 cm |
| 504 ## - ΣΗΜΕΙΩΣΗ ΒΙΒΛΙΟΓΡΑΦΙΑΣ κλπ. | |
| Σημείωση βιβλιογραφίας, κλπ. | Includes bibliographical references and index. |
| 505 0# - FORMATTED CONTENTS NOTE | |
| Formatted contents note | Preface; Main propulsion services and heat exchangers; Machinery service systems and equipment; Ship service systems; Valves and pipelines; Pumps and pumping; Tanker and gas carrier cargo pumps and systems; Auxiliary power; The propeller shaft; Steering gears; Bow thrusters, stabilizers and stabilizing systems; Refrigeration; Heating, ventilation and air conditioning; Deck machinery and cargo equipment; Fire protection; Safety and safety equipment; Control and instrumentation; Index. |
| 520 ## - SUMMARY, ETC. | |
| Summary, etc. | The seventh edition of this classic marine textbook is now available for the first time in paperback. This highly respected book instructs both students and sea-going engineers in the operation, care and maintenance of the auxiliary machinery and apparatus on board ship and is essential reading for marine engineers preparing for British Certificates of Competency examinations, US Licenses and similar qualifications elsewhere. Designed for ease of use, the detailed treatment and practical orientation of the subject matter is presented in a very accessible manner. The inclusion of suggestions for further reading at the end of each chapter is of particular use to students and all those interested in any related titles. Alongside this, there is also sufficient theoretical background to enable the reader to fully understand the principles involved. These various features allow the book to also serve as a useful reference work for engineers in the shipbuilding and equipment manufacturing industries, as well as all sea-going engineers. |
| 650 #0 - SUBJECT ADDED ENTRY--TOPICAL TERM | |
| Topical term or geographic name entry element | Engineering |
| 9 (RLIN) | 9979 |
| 650 #0 - SUBJECT ADDED ENTRY--TOPICAL TERM | |
| Topical term or geographic name entry element | Marine machinery |
| 942 ## - ADDED ENTRY ELEMENTS (KOHA) | |
| Koha item type | Books |
| Τύπος τεκμηρίου | Βιβλιοθήκη | Τρέχουσα τοποθεσία | Barcode | Αριθμός εισαγωγής | Ημερομηνία απόκτησης | Ταξιθετικό σύμβολο | Αριθμός αντιτύπου | Κατάσταση απόσυρσης | Κατάσταση χαμένου | Κατάσταση κατεστραμμένου | Μη δανεισμός | Σύνολο δανεισμών | Ημερομηνία τελευταίας εμφάνισης | Η τιμή ισχύει από |
|---|---|---|---|---|---|---|---|---|---|---|---|---|---|---|
| Books | MC Athens Campus Library | MC Athens Campus Library | 9780000100276 | 8225 | 08/01/2026 | 623.86 MCG | 1 | 08/01/2026 | 08/01/2026 |